01122nam a22003257a 4500003000500000005001700005008004100022010001000063011001000073035001000083040000900093090001000102100004300112245005400155260004500209300002300254502006200277590003700339590004100376590004100417590004100458590004200499650003200541650002500573901000700598942001000605949003600615999001700651952012800668CHAP20220329140419.0971013s1975 r 00010 d a51629 a52601 a56751 cCHAP aTesis00aTrava Manzanilla, José Luis.9114705 aAllocating available irrigation water on the farm aFort Collins, Colo. :bThe author,c1975 a102 h.b: gráfs. aTesis (Doctor of Philosophy) -- Colorado State University aALEPHb10c20130110lUCH01h1327 aBATCH-UPDb10c20130110lUCH01h1109 aBATCH-UPDb10c20130410lUCH01h0700 aBATCH-UPDb10c20130914lUCH01h1655 aCONVERSIONb10c20130109lUCH01h132814aAgua para irrigacion.9243014aIrrigación.960366 aBK cTESIS bBCcTESd-123838eTS1i56751si c51629d51629 00102local4051708TESISaBCbBCcPA_TESISd2012-12-17fTESISl0oTesisp-123838r2019-12-31 00:00:00w2019-12-31yTESIS